| 000 | 00649nam a2200193 i 4500 | ||
|---|---|---|---|
| 001 | 34107 | ||
| 003 | ES-MaACL | ||
| 005 | 20240520143844.0 | ||
| 007 | t| | ||
| 008 | 030204s1934 fr ||||1| fre d | ||
| 100 | 1 |
_aBoeniger, Yvonne. _929748 |
|
| 245 | 1 | 0 |
_aLamartine et le sentiment de la nature / _cYvonne Boeniger ; préface de Fortunat Strowski. |
| 260 |
_aParis : _bNizet et Bastard, _c1934 ( _eAngers : _fL'Imprimerie de l'Anjon) |
||
| 300 |
_aIX, 283 p. ; _c25 cm. |
||
| 600 | 1 | 4 |
_aLamartine, Alphonse de, _d1790-1869 _969776 |
| 700 | 1 |
_aStrowski, Fortunat. _9108462 |
|
| 852 |
_aES-MaACL _jA-2941 |
||
| 999 |
_c34107 _d34107 |
||